000 00716nam a22002777a 4500
001 BR2010003867
003 BR-BrBNA
005 20230928103526.0
007 ta
008 230509b bl.||||| |||| 00| 0 por d
040 _aBR-BrBNA
_bpor
_cBiblioteca Nacional de Agricultura
041 _a(Por)
072 _aM12
_b4600
_b8140
090 _ 4600 BR2010003867
110 1 _aNutral, Paulínia, SP (Brasil)
245 1 _aMeu primeiro aquário
260 3 _aPaulínia, SP (Brasil):
_c[nd].
300 _a36 p.
500 _a59 illus.; 5 tables
650 _aAQUÁRIO
650 _aPEIXE ORNAMENTAL
650 _aEQUIPAMENTO
650 _aAERAÇÃO
909 _a202309
_bLucia
_c55
_dLucia Elande
942 _cBK
999 _c75478
_d75478